Images of organization / (Record no. 450)

MARC details
000 -LEADER
fixed length control field 01027cam a22002774a 4500
001 - CONTROL NUMBER
control field 14247917
005 - DATE AND TIME OF LATEST TRANSACTION
control field 20250224105831.0
008 - FIXED-LENGTH DATA ELEMENTS--GENERAL INFORMATION
fixed length control field 060130s2006 caua b 001 0 eng
010 ## - LIBRARY OF CONGRESS CONTROL NUMBER
LC control number 2006002939
020 ## - INTERNATIONAL STANDARD BOOK NUMBER
International Standard Book Number 9781412939799
040 ## - CATALOGING SOURCE
Original cataloging agency DLC
Transcribing agency KCST
042 ## - AUTHENTICATION CODE
Authentication code pcc
050 00 - LIBRARY OF CONGRESS CALL NUMBER
Classification number HD31
Item number .M628 2006
082 00 - DEWEY DECIMAL CLASSIFICATION NUMBER
Classification number 658.4
Edition information 22
100 1# - MAIN ENTRY--PERSONAL NAME
Personal name Morgan, Gareth,
Dates associated with a name 1943-
9 (RLIN) 4553
245 10 - TITLE STATEMENT
Title Images of organization /
Statement of responsibility, etc. Gareth Morgan.
250 ## - EDITION STATEMENT
Edition statement Updated ed.
260 ## - PUBLICATION, DISTRIBUTION, ETC.
Place of publication, distribution, etc. Thousand Oaks :
Name of publisher, distributor, etc. Sage Publications,
Date of publication, distribution, etc. c2006.
300 ## - PHYSICAL DESCRIPTION
Extent xv, 504 p. :
Other physical details ill. ;
Dimensions 23 cm.
504 ## - BIBLIOGRAPHY, ETC. NOTE
Bibliography, etc. note Includes bibliographical references (p. 423-473) and index.
650 #0 - SUBJECT ADDED ENTRY--TOPICAL TERM
Topical term or geographic name entry element Organization.
9 (RLIN) 1723
650 #0 - SUBJECT ADDED ENTRY--TOPICAL TERM
Topical term or geographic name entry element Organizational behavior.
9 (RLIN) 1289
856 41 - ELECTRONIC LOCATION AND ACCESS
Materials specified Table of contents only
Uniform Resource Identifier <a href="http://www.loc.gov/catdir/toc/ecip067/2006002939.html">http://www.loc.gov/catdir/toc/ecip067/2006002939.html</a>
856 42 - ELECTRONIC LOCATION AND ACCESS
Materials specified Publisher description
Uniform Resource Identifier <a href="http://www.loc.gov/catdir/enhancements/fy0659/2006002939-d.html">http://www.loc.gov/catdir/enhancements/fy0659/2006002939-d.html</a>
856 42 - ELECTRONIC LOCATION AND ACCESS
Materials specified Contributor biographical information
Uniform Resource Identifier <a href="http://www.loc.gov/catdir/enhancements/fy0734/2006002939-b.html">http://www.loc.gov/catdir/enhancements/fy0734/2006002939-b.html</a>
Holdings
Withdrawn status Lost status Source of classification or shelving scheme Damaged status Not for loan Home library Current library Date acquired Cost, normal purchase price Total checkouts Full call number Barcode Date last seen Price effective from Koha item type
    Dewey Decimal Classification     KCST Library KCST Library 30/06/2020 23.09   658.4 Mo Im 1000000589 30/06/2020 30/06/2020 Book
© 2025 KCST. All rights reserved